000 00442nam a2200205Ia 4500
001 11930
003 GE_BSU
008 181216s||||||||xx |||||||||||||| ||und||
020 _a9780007338603
040 _cGE_BSU
080 _a821.111-31
100 _aMacmanus,James
245 _aOn The Broken Shore
260 _aLondon
260 _bHarper
260 _c2010.
300 _a295p;20cm.
653 _aOn The Broken Shore
942 _cBK
999 _c45107
_d45107